00591 2200193 4500001002100000005001500021035002000036007000300056008004100059082000700100084001300107100003500120245013600155250001000291260004600301300002400347600001100371990001500382INLIS00000000000988820260415093949 a0010-0426000243ta260415 g 0 ind  a11 a11 OLY e0 aOLYVIA DIANING PUTRI DARMASARI1 aEFEKTIVITAS ABSENSI ONLINE TERHADAP DISIPLIN KERJA: PERSPEKTIF PEGAWAI TELKOM AKSES PALANGKA RAYA /cOLYVIA DIANING PUTRI DARMASARI aCet 1 aPalangka Raya :bPerpustakaan UMPR,c2025 axi, 14 hlm :bilus. 4aJURNAL a2411132056